| 000 | 00413nam a22001457a 4500 | ||
|---|---|---|---|
| 005 | 20250507160738.0 | ||
| 008 | 250507b |||||||| |||| 00| 0 eng d | ||
| 020 | _a8178880032 | ||
| 082 | _aKBJP-D-264 | ||
| 100 |
_aBhattacharjee S. Jenkins B. _9212021 |
||
| 245 |
_aComputer Networking _bPractice Portfolio Latest Questions |
||
| 260 |
_aNew Delhi _bDominant Publishers _c2001 |
||
| 300 | _a240pp. | ||
| 942 | _cBK | ||
| 999 |
_c366260 _d366260 |
||